000 00866cam a2200205 i 4500
005 20251214090545.0
008 250721s1987 iq gr 000 0 ara d
082 1 4 _a216,3
_bس م ر
100 1 _aالسمرقندي، أبو نصر أحمد بن أحمد
_eمؤلف.
245 1 0 _aكتاب الشروط و علوم الصكوك /
_cالحاكم الامام أبي نصر أحمد بن محمد السمرقندي ؛ دراسه وتحقيق محمد جاسم الحديثي.
264 3 1 _aبغداد :
_bدار الشؤون الثقافية،
_c1987.
300 _a620 صفحة.
490 0 _aخزانة التراث ؛
650 1 7 _aلإسلام.
650 1 7 _aالمعاملات (فقه إسلامي).
700 1 _aالحديثي، محمد هاشم
_eتحقيق
830 0 _aخزانة التراث ؛
942 _2ddc
_cBK
999 _c863
_d863